000 00893nam a2200313 a 4500
001 0000577
003 DO-SdBNP
005 20180126103928.0
007 0000577
008 140711s1980 sp a 000 0 spa d
020 _a8424154150
040 _aBPMET
_bspa
_cBPMET
092 _a883.01
_bH766i
100 1 _aHomero
_dca.725 a.C.
245 1 3 _aLa Ilíada /
_cHomero ; adaptación José María Osorio ; ilustraciones Teo
250 _a2a. ed.
260 _aLeón, España :
_bEverest,
_c1980.
300 _a93 p. ;
_bil.
_c27 cm.
490 1 _aEstrella polar
500 _aIncluye notas a pie de páginas.
650 4 _aPOESÍA ÉPICA GRIEGA
650 4 _aLITERATURA GRIEGA
700 1 2 _aOsorio, José María
_eadap.
700 1 2 _aTeo
_eil.
830 0 _aEstrella polar
942 _2ddc
_cBK
945 _aInventariado extranjero / 2018 VM
956 _aYLOCKWARD
_b10
_lBND01
_h1027
999 _c11044
_d11044